000 00307nam a22001337a 4500
008 190205b xxu||||| |||| 00| 0 eng d
020 _a9780072829662
041 _aeng
080 _29th
_a330.722.6
100 _a61
101 _aKF
245 _aModern Advanced Accounting
_cLarsen,E.J
942 _2udc
_cBK
999 _c53965
_d53965